000 02299nam a2200553Ia 4500
003 GCL
008 140319s9999 xx 000 0 ara d
020 _a7738238977
040 _aGCL /
_cGCL
082 0 4 _aم
_b030
_bم م
100 1 _aمحضير بن محمد
245 1 0 _aموسوعة الدكتور محضير بن محمد رئيس وزراء ماليزيا :
_bمج1 الاسلام والامة الاسلامية\ مج2 التحدى\مج3 اسيا\ مج4 العولمة والشراكة الذكية والحكم\مج5 ماليزيا\مج6العولمة والواقع الجديد\مج7العلم والتكنولوجيا \مج8 السياسة والديمقراطية\مج9التنمية\مج 10 قضايا معاصر /
_cمحضير بن محمد
250 _aالاولى
260 _aالقاهرة :
_bدار الكتاب المصرى ،
_c2004
260 _aبيروت :
_bدار الكتاب اللبنانى ،
_c2004
300 _aمتعدد ؛
_c24 سم
650 0 4 _aالاسلام
650 0 4 _aالشيوعية
650 0 4 _aالموسوعات
650 0 4 _aالولايات المتحدة الامريكية
650 0 4 _aالاشتراكية
650 0 4 _aالوطن العربى
650 0 4 _aحقوق الانسان
650 0 4 _aالديمقراطية
650 0 4 _aافريقيا
650 0 4 _aالبوسنة والهرسك
650 0 4 _aرؤساء الجمهورية
650 0 4 _aالحضارة الاسلامية
650 0 4 _aصندوق النقد الدولى
650 0 4 _aالعلمانية
650 0 4 _aالمنظمات الدولية
650 0 4 _aمحكمة العدل الدولية
650 0 4 _aاسيا
650 0 4 _aاوربا
650 0 4 _aماليزيا
650 0 4 _aالحرب العالمية الاولى 1914- 1918
650 0 4 _aالحرب العالمية الثانية 1939 - 1945
650 0 4 _aتكنولوجيا المعلومات
650 0 4 _aالعولمة
650 0 4 _aالاتحاد الاوروبى
650 0 4 _aالوسائط المتعددة
650 0 4 _aاحداث 11 سبتمبر
650 0 4 _aالملكية الفكرية
650 0 4 _aالملايو
650 0 4 _aشرق اسيا
650 0 4 _aغيتس، بيل
650 0 4 _aالشراكة
942 _2ddc
_cBK
999 _c32921
_d32921